000 00477nam a2200193Ia 4500
003 OSt
005 20251010101140.0
008 250729s2005 xx 000 0 und d
020 _a978-8171696864
040 _cAL
041 _aeng
082 _a420 SINT
100 _aSingh Sheila
_9222895
245 _aTeachers handbook of practical english
260 _aNew Delhi
_bCommonwealth Publishers
_c2005
300 _a250p
650 _aEnglish
_9222896
942 _2ddc
_cBED
999 _c235657
_d235657